[Event "4th 4NCL Easter Congress"]
[Site "Holiday Inn Peterborough - West"]
[Date "2024.03.30"]
[Round "3"]
[Board "14"]
[White "Cawston, M John"]
[Black "Sisupalan, Beni"]
[Result "0-1"]
[WhiteElo "1770"]
[BlackElo "1705"]
[PlyCount "0"]
[EventDate "2024.03.29"]
[EventRounds "7"]
[EventCountry "ENG"]

1. Nf3 Nf6 2. c4 g6 3. Nc3 Bg7 4. d4 d6 5. g3 O-O 6. Bg2 Nbd7 7. O-O e5 8. h3 c6
9. e4 a5 10. Be3 Qc7 11. Rc1 b6 12. Qd2 Rd8 13. Rfd1 Ba6 14. b3 Nf8 15. Kh2 Nh5 16.
Qc2 Rac8 17. c5 dxc5 18. dxc5 b5 19. Bg5 Nf6 20. a3 Ne6 21. Be3 Bf8 22. b4 a4 23.
Bf1 Re8 24. Nxa4 bxa4 25. Bxa6 Ra8 26. Bc4 Nh5 27. Rd2 Kg7 28. Rcd1 Nf6 29. Qc3 Nxe4
30. Qxe5+ Qxe5 31. Nxe5 Nxd2 32. Rxd2 Rac8 33. Ba6 Rc7 34. Rd6 f6 35. Rd7+ Kg8 36.
Bc4 Rxd7 37. Nxd7 Kg7 38. Nb6 Nc7 39. Nxa4 Ra8 40. Bb3 Nb5 41. Bc1 Nd4 42. Bd1 Re8
43. Nc3 Kf7 44. Be3 Nf5 45. Bb3+ Ke7 46. Bf4 Kd7 47. Bc2 Nd4 48. Bd3 Nf3+ 49. Kh1
Ne5 50. Be2 Kc7 51. Be3 Nd7 52. Bf4+ Ne5 53. Be3 Rb8 54. Kg2 g5 55. Ne4 Be7 56. Bd4
Nd7 57. Bg4 Rf8 58. Bf5 h6 59. a4 Ne5 60. b5 Ra8 61. b6+ Kb7 62. Nc3 Ra5 63. Ne4
Rxa4 64. Be3 Ra8 65. f4 Nc4 66. Bd4 Ra2+ 67. Kf3 Nd2+ 68. Nxd2 Rxd2 69. Be3 Rb2 70.
fxg5 fxg5 71. Kg4 Rb5 72. Kh5 Bxc5 73. Bd2 Bf8 74. Be3 Rxf5  0-1

[Event "4th 4NCL Easter Congress"]
[Site "Holiday Inn Peterborough - West"]
[Date "2024.03.30"]
[Round "3"]
[Board "15"]
[White "O'Gorman, Brendan"]
[Black "Rubeck, Jonathan"]
[Result "0-1"]
[WhiteElo "1716"]
[BlackElo "1839"]
[PlyCount "0"]
[EventDate "2024.03.29"]
[EventRounds "7"]
[EventCountry "ENG"]

1. d4 d5 2. Nf3 e6 3. g3 Nf6 4. Bg2 Be7 5. O-O O-O 6. c4 b6 7. cxd5 exd5 8. Nc3 Bb7
9. Bf4 Nbd7 10. Nb5 c5 11. Nd6 Ba6 12. Re1 Nh5 13. Nf5 Nxf4 14. Nxe7+ Qxe7 15. gxf4
Bb7 16. Qa4 Rfc8 17. Rac1 Rc6 18. e4 dxe4 19. d5 Rd6 20. Rxe4 Qf6 21. Rce1 Bxd5 22.
Re8+ Nf8 23. Rxa8 Bxa8 24. Qxa7 Bxf3 25. Bxf3 Qxf4 26. Qa8 Qg5+ 27. Bg2 Rd8 28. Qb7
Qd2 29. Re7 Qc1+ 30. Bf1 Qg5+ 31. Kh1 Rd1  0-1

[Event "4th 4NCL Easter Congress"]
[Site "Holiday Inn Peterborough - West"]
[Date "2024.03.30"]
[Round "3"]
[Board "16"]
[White "Spencer, Paul"]
[Black "Dunkley, Michael"]
[Result "1/2-1/2"]
[WhiteElo "1735"]
[BlackElo "1842"]
[PlyCount "0"]
[EventDate "2024.03.29"]
[EventRounds "7"]
[EventCountry "ENG"]

1. d4 d6 2. Nf3 Nf6 3. c4 g6 4. Nc3 Bf5 5. d5 e5 6. dxe6 Bxe6 7. e4 Nc6 8. Bg5 h6
9. Bh4 g5 10. Bg3 Nh5 11. Be2 Nxg3 12. hxg3 Bg7 13. Rc1 Qd7 14. O-O O-O-O 15. Qa4
Kb8 16. b4 Bxc3 17. Rxc3 Nd4 18. Qd1 Nxe2+ 19. Qxe2 f5 20. Re1 fxe4 21. Qxe4 Rde8
22. Rce3 Bf7 23. Qd4 Qf5 24. Qg7 Qg6 25. Qc3 Rhf8 26. a3 Rxe3 27. Rxe3 Re8 28. Rxe8+
Bxe8 29. Qe3  1/2-1/2

[Event "4th 4NCL Easter Congress"]
[Site "Holiday Inn Peterborough - West"]
[Date "2024.03.30"]
[Round "3"]
[Board "17"]
[White "Morrish, John"]
[Black "Sengupta, Sohana"]
[Result "1/2-1/2"]
[WhiteElo "1840"]
[BlackElo "1594"]
[PlyCount "0"]
[EventDate "2024.03.29"]
[EventRounds "7"]
[EventCountry "ENG"]

1. e4 c5 2. d4 cxd4 3. c3 Nf6 4. e5 Nd5 5. cxd4 e6 6. Nc3 Nxc3 7. bxc3 Nc6 8. Nf3
d5 9. Bd3 Be7 10. Qc2 h6 11. O-O O-O 12. Be3 a6 13. Nd2 b5 14. f4 b4 15. f5 exf5
16. Bxf5 Bg5 17. Rae1 bxc3 18. Qxc3 Bxe3+ 19. Rxe3 Qb6 20. Nb3 Bxf5 21. Rxf5 Rac8
22. Qd2 Qb4 23. Qd1 Ne7 24. Rf1 Rc3 25. Qe1 Rc4 26. Qf2 Ng6 27. Qf3 Qb5 28. Qf2 Qd7
29. Rg3 Qe7 30. Nc5 a5  1/2-1/2

[Event "4th 4NCL Easter Congress"]
[Site "Holiday Inn Peterborough - West"]
[Date "2024.03.30"]
[Round "3"]
[Board "18"]
[White "Lawrence, Simon"]
[Black "Jordan, Mark A"]
[Result "1/2-1/2"]
[WhiteElo "1731"]
[BlackElo "1774"]
[PlyCount "0"]
[EventDate "2024.03.29"]
[EventRounds "7"]
[EventCountry "ENG"]

1. e4 c5 2. Nc3 e6 3. f4 d5 4. Bb5+ Nc6 5. Bxc6+ bxc6 6. Nf3 Nf6 7. d3 Be7 8. O-O
O-O 9. b3 Qa5 10. Bd2 Qc7 11. Qe1 Re8 12. Na4 Ba6 13. c4 Rad8 14. Ba5 Qc8 15. Bxd8
Rxd8 16. h3 Qc7 17. e5 Nd7 18. Qe3 d4 19. Qe4 Nf8 20. f5 exf5 21. Qxf5 Bc8 22. Qe4
g6 23. Rae1 Bf5 24. Qe2 h5 25. h4 Ne6 26. Qd2 Kg7 27. Nb2 Re8 28. Nd1 Qd8 29. g3
Bg4 30. Kg2 g5 31. hxg5 Nxg5 32. Nxg5 Bxg5 33. Qf2 Qd7 34. Rh1 Kg6 35. Nb2 Qc7 36.
Ra1  1/2-1/2

[Event "4th 4NCL Easter Congress"]
[Site "Holiday Inn Peterborough - West"]
[Date "2024.03.30"]
[Round "3"]
[Board "20"]
[White "Kocan, Barry A"]
[Black "Towers, Brian"]
[Result "1-0"]
[WhiteElo "1719"]
[BlackElo "1824"]
[PlyCount "0"]
[EventDate "2024.03.29"]
[EventRounds "7"]
[EventCountry "ENG"]

1. e4 c6 2. d4 d5 3. e5 Bf5 4. g4 Bg6 5. e6 fxe6 6. Bd3 Bxd3 7. Qxd3 Nf6 8. g5 Ne4
9. Qh3 Qd7 10. Nf3 Nd6 11. Ne5 Qc8 12. Ng6 hxg6 13. Qxh8 Kf7 14. h4 Ke8 15. h5 gxh5
16. Qxh5+ Kd7 17. Nd2 Qe8 18. g6 Kc7 19. Nf3 b6 20. Bf4 Kb7 21. O-O-O Nd7 22. Ng5
Nf6 23. Qe2 Qxg6 24. Nxe6 Qf7 25. f3 Nh5 26. Rxh5 Qxh5 27. Nxf8 Nf5 28. Ne6 Rc8 29.
Kb1 Qf7 30. Qe5 Qf6 31. Qe2 g6 32. c3 a5 33. Bg5 Qf7 34. Qe5 Nd6 35. f4 Ne4 36. Bxe7
Re8 37. Nd8+  1-0

[Event "4th 4NCL Easter Congress"]
[Site "Holiday Inn Peterborough - West"]
[Date "2024.03.30"]
[Round "3"]
[Board "21"]
[White "Denning, Julie L"]
[Black "Hu, Junyan"]
[Result "0-1"]
[WhiteElo "1757"]
[BlackElo "1704"]
[PlyCount "0"]
[EventDate "2024.03.29"]
[EventRounds "7"]
[EventCountry "ENG"]

1. e4 c5 2. Nf3 e6 3. c3 d5 4. e5 Nc6 5. d4 Qb6 6. Be2 cxd4 7. cxd4 Nge7 8. Qb3 Qxb3
9. axb3 f6 10. Bb5 Bd7 11. Nc3 fxe5 12. Bxc6 Bxc6 13. Nxe5 Nf5 14. Nxc6 bxc6 15.
Be3 Rb8 16. Rxa7 Rxb3 17. Ra2 c5 18. Ne2 cxd4 19. Bxd4 Bb4+ 20. Bc3 Bxc3+ 21. Nxc3
O-O 22. O-O Rfb8 23. Re1 Kf7 24. Ra7+ Kf8 25. Rxe6 Rxc3 26. g3 Rd3 27. Rc6 Rd1+ 28.
Kg2 Re1 29. b4 Re7 30. Ra5 Rd7 31. Rcc5 Ne7 32. b5 d4 33. Kf1 Nc8 34. Ra6 d3 35.
Ke1 d2+ 36. Kd1 Nb6 37. Rc2 Nc4 38. Rxc4 Re8 39. Ra1 Re1+  0-1

[Event "4th 4NCL Easter Congress"]
[Site "Holiday Inn Peterborough - West"]
[Date "2024.03.31"]
[Round "4"]
[Board "1"]
[White "Graham, Oliver"]
[Black "Jackson, Gary C"]
[Result "0-1"]
[WhiteElo "1884"]
[BlackElo "1864"]
[PlyCount "0"]
[EventDate "2024.03.29"]
[EventRounds "7"]
[EventCountry "ENG"]

1. e4 c5 2. Nc3 d6 3. Nf3 Nf6 4. d4 cxd4 5. Nxd4 g6 6. Bb5+ Nbd7 7. O-O Bg7 8. Be3
O-O 9. Qd2 Ng4 10. Bg5 h6 11. h3 hxg5 12. hxg4 a6 13. Bxd7 Bxd7 14. Nf3 Bxg4 15.
Qxg5 Bxf3 16. gxf3 e6 17. Qxd8 Rfxd8 18. Nd1 b5 19. c3 d5 20. Ne3 d4 21. cxd4 Bxd4
22. Rab1 Rac8 23. b3 Bxe3 24. fxe3 Rd2 25. Rf2 Rcc2 26. Rxd2 Rxd2 27. Ra1 a5 28.
e5 Rb2 29. Kf1 Kg7 30. Ke1 Rh2 31. Rc1 Rxa2 32. Rc5 b4 33. Rb5 g5 34. Kf1 Kg6 35.
e4 Rb2 36. Rxa5 Rxb3 37. Kf2 Rb1 38. Rb5 b3 39. Kg2 b2 40. Kh2 Rf1 41. Rxb2 Rxf3
42. Rb8 Kh5 43. Kg2 Kg4 44. Rb7 Rf4 45. Rb4 Kh4 46. Rb3 Rxe4 47. Rh3+ Kg4 48. Rg3+
Kh5  0-1

[Event "4th 4NCL Easter Congress"]
[Site "Holiday Inn Peterborough - West"]
[Date "2024.03.31"]
[Round "4"]
[Board "3"]
[White "Burton, Sean"]
[Black "Dean, Robert A"]
[Result "1-0"]
[WhiteElo "1827"]
[BlackElo "1838"]
[PlyCount "0"]
[EventDate "2024.03.29"]
[EventRounds "7"]
[EventCountry "ENG"]

1. e4 e6 2. d4 d5 3. Nd2 c5 4. Ngf3 Nf6 5. e5 Nfd7 6. c3 Nc6 7. Bd3 Qb6 8. O-O cxd4
9. cxd4 Nxd4 10. Nxd4 Qxd4 11. Nf3 Qb6 12. Qa4 Qb4 13. Qc2 f6 14. Bxh7 f5 15. Bg6+
Kd8 16. Bg5+ Be7 17. Bd2 Qe4 18. Ba5+ b6 19. Qc6 Rb8 20. Rac1 Nc5 21. Rxc5 Bxc5 22.
Qxc5 Ba6 23. Rc1 Bc4 24. Ng5 Qh4 25. Nxe6+ Kd7 26. Qd6+ Kc8 27. Qc7#  1-0

[Event "4th 4NCL Easter Congress"]
[Site "Holiday Inn Peterborough - West"]
[Date "2024.03.31"]
[Round "4"]
[Board "4"]
[White "Wheeler, Tim"]
[Black "Tart, Peter K"]
[Result "1-0"]
[WhiteElo "1813"]
[BlackElo "1903"]
[PlyCount "0"]
[EventDate "2024.03.29"]
[EventRounds "7"]
[EventCountry "ENG"]

1. e4 e5 2. Nf3 Nf6 3. d4 Nxe4 4. Nxe5 d5 5. Bd3 Nd7 6. O-O Nxe5 7. dxe5 Qd7 8. Nc3
Nxc3 9. bxc3 Bc5 10. h3 b6 11. Bg5 Bb7 12. Qh5 Be7 13. e6 Qd6 14. Qxf7+ Kd8 15. Qxg7
Rf8 16. Qxf8#  1-0

[Event "4th 4NCL Easter Congress"]
[Site "Holiday Inn Peterborough - West"]
[Date "2024.03.31"]
[Round "4"]
[Board "5"]
[White "Willow, Hambel M"]
[Black "Webster, Richard J"]
[Result "1/2-1/2"]
[WhiteElo "1766"]
[BlackElo "1935"]
[PlyCount "0"]
[EventDate "2024.03.29"]
[EventRounds "7"]
[EventCountry "ENG"]

1. d4 d5 2. c4 e6 3. Nc3 Nf6 4. Bg5 Be7 5. Nf3 Nbd7 6. e3 b6 7. cxd5 exd5 8. Bd3
O-O 9. O-O Bb7 10. h3 c5 11. Rc1 Rc8 12. Qe2 c4 13. Bf5 g6 14. Bc2 a6 15. Rfe1 Re8
16. Nd2 b5 17. f3 Nh5 18. Bxe7 Qxe7 19. e4 Qg5 20. Qf2 Nf4 21. Kh1 b4 22. Nxd5 Bxd5
23. exd5 Nd3 24. Bxd3 cxd3 25. Rxc8 Rxc8 26. Qe3 Qxd5 27. Qxd3 Qxa2 28. Ne4 Qc4 29.
Qxc4 Rxc4 30. Ra1 Rxd4  1/2-1/2

[Event "4th 4NCL Easter Congress"]
[Site "Holiday Inn Peterborough - West"]
[Date "2024.03.31"]
[Round "4"]
[Board "6"]
[White "Sugden, Freddie"]
[Black "Matthews, Adrian MS"]
[Result "1/2-1/2"]
[WhiteElo "1715"]
[BlackElo "1860"]
[PlyCount "0"]
[EventDate "2024.03.29"]
[EventRounds "7"]
[EventCountry "ENG"]

1. e4 c5 2. d4 cxd4 3. c3 d3 4. Bxd3 g6 5. Nf3 Bg7 6. O-O d6 7. Bf4 Nc6 8. Na3 Nf6
9. h3 O-O 10. Qe2 a6 11. Rfd1 Nd7 12. Nc4 b5 13. Ne3 Nde5 14. Nxe5 Nxe5 15. Bc2 Bb7
16. a4 Qb6 17. a5 Qc7 18. Bxe5 Bxe5 19. Nd5 Bxd5 20. exd5 Rfc8 21. Bd3 Qc5 22. Qe3
Qxe3 23. fxe3 Rc5 24. Bf1 Kg7  1/2-1/2

[Event "4th 4NCL Easter Congress"]
[Site "Holiday Inn Peterborough - West"]
[Date "2024.03.31"]
[Round "4"]
[Board "7"]
[White "Honarvarmahalati, Hooman"]
[Black "Tedd, Bernie"]
[Result "1-0"]
[WhiteElo "1764"]
[BlackElo "1707"]
[PlyCount "0"]
[EventDate "2024.03.29"]
[EventRounds "7"]
[EventCountry "ENG"]

1. Nf3 Nf6 2. c4 g6 3. g3 Bg7 4. Bg2 O-O 5. O-O d6 6. d4 c5 7. d5 b5 8. cxb5 a6 9.
bxa6 Bxa6 10. Nc3 Nbd7 11. Re1 Qb6 12. e4 Ng4 13. Bf1 c4 14. Qc2 Nc5 15. h3 Ne5 16.
Nxe5 Bxe5 17. Be3 Qb4 18. Bxc5 Qxc5 19. Kg2 Rfb8 20. Rac1 Qb4 21. Re2 Rb7 22. Qd2
Rab8 23. Qe3 Qa5 24. f4 Bxc3 25. bxc3 Qa3 26. Rcc2 Rb1 27. Rf2 Qa5 28. Qa7 Qb6 29.
Qxe7 Rb7 30. Qf6 Re1 31. Be2 Qb1 32. Rd2 Qxe4+ 33. Bf3 Qe7 34. Qd4 Qe3 35. Qxe3 Rxe3
36. Rc2 Rb1 37. Rfe2 Rxe2+ 38. Bxe2 Kf8 39. Kf3 f5 40. g4 Rh1 41. Kg2 Re1 42. h4
Bb7 43. Bxc4 Rd1 44. gxf5 gxf5 45. Bb3 Bxd5+ 46. Bxd5 Rxd5 47. Kg3 Rd3+ 48. Kg2 Ke7
49. a4 Kd7 50. Rb2 Rxc3 51. Rb7+ Kc6 52. Rxh7 Rc4 53. Kg3 Rxa4 54. h5 Ra3+ 55. Kh4
Kd5 56. Re7 Ra1 57. h6 Rg1 58. Rg7 Rh1+ 59. Kg5 Ke4 60. Re7+ Kd3 61. h7 d5 62. Kxf5
d4 63. Kg6 Kc2 64. Re5 d3 65. Rc5+ Kb3 66. Rd5 Kc2 67. f5 d2 68. f6 Rg1+ 69. Kf7
Rh1 70. Kg7 Rg1+ 71. Kh6 Rh1+ 72. Kg6 Rg1+ 73. Rg5 Rh1 74. Rg2 Kc3 75. Rxd2 Kxd2
76. f7  1-0

[Event "4th 4NCL Easter Congress"]
[Site "Holiday Inn Peterborough - West"]
[Date "2024.03.31"]
[Round "4"]
[Board "8"]
[White "Bowers, Francis J"]
[Black "Siu, Kam Wa"]
[Result "0-1"]
[WhiteElo "1828"]
[BlackElo "1825"]
[PlyCount "0"]
[EventDate "2024.03.29"]
[EventRounds "7"]
[EventCountry "ENG"]

1. e4 c5 2. Nf3 Nc6 3. d4 cxd4 4. Nxd4 g6 5. Nxc6 bxc6 6. Qd4 Nf6 7. e5 Nd5 8. e6
f6 9. exd7+ Bxd7 10. Bc4 e5 11. Qh4 Nb4 12. Na3 Bf5 13. Bb3 a5 14. Qc4 Qd7 15. Bd2
O-O-O 16. O-O-O Qd4 17. Be3 Qxc4 18. Nxc4 Nd5 19. Nb6+ Nxb6 20. Bxb6 Rxd1+ 21. Rxd1
Kb7 22. Bxa5 Bc5 23. f3 Be3+ 24. Kb1 Bb6 25. Bxb6 Kxb6 26. Rd6 e4 27. g4 e3 28. Kc1
Kc5 29. Rd1 Bc8 30. Re1 Re8 31. c4 Ba6 32. Re2 Bxc4 33. Bxc4 Kxc4 34. Kc2 f5 35.
b3+ Kd4 36. h3 h5 37. a4 hxg4 38. hxg4 f4 39. a5 Ra8 40. b4 Kc4 41. Re1 Kxb4 42.
Rb1+ Kc5 43. Ra1 Ra6 44. Kd3 Kb5 45. Rb1+ Kc5 46. Rc1+ Kd5 47. Ra1 g5 48. Ra4 Kc5
49. Re4 Rxa5 50. Re5+ Kb4 51. Rf5 Rd5+ 52. Ke2 Rxf5 53. gxf5 Kc5 54. f6 Kd6 55. f7
Ke7 56. f8=Q+ Kxf8 57. Kd3 c5 58. Kc2 Ke7 59. Kd3 c4+ 60. Kc3 Kd6 61. Kxc4 e2 62.
Kd4 e1=Q 63. Kc4 Qe2+ 64. Kd4 Qxf3 65. Kc4 Qd5+ 66. Kb4 Qc5+ 67. Kb3 Kd5 68. Ka4
Kc6 69. Kb3 Kb5 70. Ka2 Qc3 71. Kb1 Kc4 72. Ka2 Qb4 73. Ka1 Kc3 74. Ka2 Qb2#  0-1

[Event "4th 4NCL Easter Congress"]
[Site "Holiday Inn Peterborough - West"]
[Date "2024.03.31"]
[Round "4"]
[Board "9"]
[White "Harris, John"]
[Black "Royle, Alex"]
[Result "0-1"]
[WhiteElo "1712"]
[BlackElo "1842"]
[PlyCount "0"]
[EventDate "2024.03.29"]
[EventRounds "7"]
[EventCountry "ENG"]

1. e4 c5 2. Nf3 e6 3. d3 d5 4. Nbd2 Nc6 5. g3 Be7 6. Bg2 Nf6 7. O-O O-O 8. Re1 b5
9. e5 Nd7 10. Nf1 a5 11. h4 a4 12. Bf4 b4 13. h5 a3 14. b3 Ba6 15. Qd2 Rc8 16. Ne3
Nb6 17. h6 g6 18. Ng4 Nd7 19. Ng5 Nd4 20. Nf3 Nxf3+ 21. Bxf3 g5 22. Nf6+ Bxf6 23.
exf6 gxf4 24. Qxf4 Qxf6 25. Qg4+ Kh8 26. Bd1  0-1

[Event "4th 4NCL Easter Congress"]
[Site "Holiday Inn Peterborough - West"]
[Date "2024.03.31"]
[Round "4"]
[Board "10"]
[White "Rubeck, Jonathan"]
[Black "Veselov, Ivan"]
[Result "1-0"]
[WhiteElo "1839"]
[BlackElo "1806"]
[PlyCount "0"]
[EventDate "2024.03.29"]
[EventRounds "7"]
[EventCountry "ENG"]

1. e4 d5 2. exd5 Qxd5 3. Nc3 Qa5 4. d4 Nf6 5. Bd2 c6 6. Nf3 Bf5 7. Bc4 e6 8. h3 Qc7
9. Bb3 Nbd7 10. Nh4 Bg6 11. Qe2 O-O-O 12. O-O-O Bd6 13. Nxg6 hxg6 14. g3 Nb6 15.
Qf3 Nbd5 16. Kb1 Kb8 17. Ne2 e5 18. c4 exd4 19. cxd5 c5 20. Rc1 Qb6 21. h4 Ka8 22.
Rc4 Rhe8 23. Ra4 Ne4 24. Be1 Qb5 25. Nc1 Re7 26. Ra5 Qd7 27. Bc4 Bc7 28. Ra3 b5 29.
d6 Qxd6 30. Bxb5 Rb8 31. Ra6 Rb6 32. Rxb6 Qxb6 33. Bc4 f5 34. g4 Kb8 35. gxf5 Nd6
36. Bd5 gxf5 37. Nb3 c4 38. Ba5 Qa6 39. Bxc7+ Rxc7 40. Nxd4 Qb6 41. Qc3 Qc5 42. Bg2
Qb6 43. Re1 a6 44. f4 g6 45. Rd1 Ka7 46. a3 a5 47. Ne6 Re7 48. Nd4 Ka6 49. Nc6 Re3
50. Qxa5+ Qxa5 51. Nxa5 Kxa5 52. Rxd6 Re1+ 53. Kc2 Rg1 54. Rxg6  1-0

[Event "4th 4NCL Easter Congress"]
[Site "Holiday Inn Peterborough - West"]
[Date "2024.03.31"]
[Round "4"]
[Board "11"]
[White "Macphail, Kieran"]
[Black "Mitchell, Stephen R"]
[Result "1/2-1/2"]
[WhiteElo "1795"]
[BlackElo "1932"]
[PlyCount "0"]
[EventDate "2024.03.29"]
[EventRounds "7"]
[EventCountry "ENG"]

1. e4 c5 2. Nf3 e6 3. c3 a6 4. d4 b5 5. Bd3 Qc7 6. O-O Bb7 7. Re1 Ne7 8. Nbd2 Ng6
9. Nf1 Nf4 10. Bc2 Be7 11. Ng3 h5 12. e5 Nd5 13. h4 Nc6 14. a4 cxd4 15. axb5 axb5
16. Rxa8+ Bxa8 17. cxd4 d6 18. Bd2 dxe5 19. dxe5 Ncb4 20. Be4 g6 21. Qb3 O-O 22.
Bxd5 Nxd5 23. Rc1 Qb6 24. Ne4 Rb8 25. Nfg5 Qb7 26. Qg3 Qd7 27. Nf6+ Nxf6 28. exf6
Bd6 29. Qe3 Qb7 30. Nf3 Bf8 31. Qc3 Rd8 32. Be3 Qd5 33. Qc7 Re8 34. Qe5 Qxe5 35.
Nxe5 Bd6 36. Nf3 Bd5 37. Ra1 Ra8 38. Rc1 Bxf3 39. gxf3 Be5 40. Rc5 Bxb2 41. Rxb5
Bxf6 42. Rb4 Kg7 43. Kg2 Ra6 44. Rc4 Ra5 45. Kg3 Be5+ 46. Kg2 Rd5 47. Ra4 Bf6 48.
Rc4 Rb5  1/2-1/2

[Event "4th 4NCL Easter Congress"]
[Site "Holiday Inn Peterborough - West"]
[Date "2024.03.31"]
[Round "4"]
[Board "12"]
[White "Lawrence, Spencer"]
[Black "Obi, Okwose Marc"]
[Result "0-1"]
[WhiteElo "1789"]
[BlackElo "1844"]
[PlyCount "0"]
[EventDate "2024.03.29"]
[EventRounds "7"]
[EventCountry "ENG"]

1. Nf3 d5 2. g3 Nc6 3. d4 Bg4 4. Bg2 Qd7 5. O-O Bh3 6. Bxh3 Qxh3 7. c4 e6 8. cxd5
exd5 9. Nc3 O-O-O 10. Bf4 Nf6 11. Rc1 Bd6 12. Bxd6 Rxd6 13. Nb5 Rd7 14. Qa4 a6 15.
Rxc6 bxc6 16. Qxa6+ Kd8 17. Qa8+ Ke7 18. Qxh8 Rd8 19. Qxg7 Rg8 20. Ng5 Qxf1+ 21.
Kxf1 Rxg7  0-1

[Event "4th 4NCL Easter Congress"]
[Site "Holiday Inn Peterborough - West"]
[Date "2024.03.31"]
[Round "4"]
[Board "13"]
[White "Spencer, Paul"]
[Black "Dos Santos Silva, Bruno Alexandre"]
[Result "0-1"]
[WhiteElo "1735"]
[BlackElo "1797"]
[PlyCount "0"]
[EventDate "2024.03.29"]
[EventRounds "7"]
[EventCountry "ENG"]

1. d4 d5 2. c4 c6 3. Nc3 Nf6 4. Nf3 g6 5. Bf4 dxc4 6. e3 Be6 7. Ng5 Bd5 8. e4 h6
9. exd5 hxg5 10. Bxb8 Rxb8 11. dxc6 bxc6 12. Bxc4 Rxb2 13. O-O Qd6 14. g3 Rb4 15.
Qd3 Qd7 16. f3 Bg7 17. Rab1 Rxb1 18. Rxb1 O-O 19. Rd1 e6 20. Na4 Rd8 21. Nc5 Qe7
22. Kg2 Nd7 23. Nxd7 Rxd7 24. Qe4 Rd6 25. Qe3 Qd8 26. Rb1 Bxd4 27. Qa3 Bb6 28. Re1
Rd2+ 29. Kh3 g4+ 30. fxg4 Qg5 31. Re2 Rd4 32. Bb3 Qxg4+  0-1

[Event "4th 4NCL Easter Congress"]
[Site "Holiday Inn Peterborough - West"]
[Date "2024.03.31"]
[Round "4"]
[Board "15"]
[White "Meredith, Daniel"]
[Black "Morrish, John"]
[Result "1/2-1/2"]
[WhiteElo "1670"]
[BlackElo "1840"]
[PlyCount "0"]
[EventDate "2024.03.29"]
[EventRounds "7"]
[EventCountry "ENG"]

1. e4 c5 2. d4 cxd4 3. c3 d5 4. exd5 Qxd5 5. cxd4 Nc6 6. Nf3 Bg4 7. Nc3 Qd8 8. Be3
e6 9. h3 Bxf3 10. Qxf3 Bb4 11. Bb5 Nge7 12. O-O O-O 13. Rfd1 Qa5 14. Bxc6 bxc6 15.
Ne4 Qf5 16. Qxf5 Nxf5 17. Bd2 Rab8 18. Bc3 Rfd8 19. Rac1 Be7 20. g4 Nd6 21. Nxd6
Bxd6 22. Ba5 Rdc8 23. b3  1/2-1/2

[Event "4th 4NCL Easter Congress"]
[Site "Holiday Inn Peterborough - West"]
[Date "2024.03.31"]
[Round "4"]
[Board "16"]
[White "Hu, Junyan"]
[Black "Cawston, M John"]
[Result "0-1"]
[WhiteElo "1704"]
[BlackElo "1770"]
[PlyCount "0"]
[EventDate "2024.03.29"]
[EventRounds "7"]
[EventCountry "ENG"]

1. e4 c5 2. Nf3 e6 3. d4 cxd4 4. Nxd4 Nc6 5. c4 Qc7 6. Nc3 a6 7. Be3 Nf6 8. Be2 Bb4
9. f3 O-O 10. O-O Bxc3 11. bxc3 d5 12. Nxc6 bxc6 13. Bc5 Rd8 14. Qc2 Nd7 15. Bf2
Nf6 16. Bh4 Qf4 17. Bxf6 Qxf6 18. cxd5 cxd5 19. Bd3 d4 20. c4 e5 21. Rab1 Qf4 22.
Rb3 Bd7 23. Qb1 Be6 24. Rb4 g6 25. Kh1 h5 26. Qc2 h4 27. Qe2 Kg7 28. Rb2 Rdc8 29.
Rc2 Rc5 30. Qd2 Qxd2 31. Rxd2 Rac8 32. Rc2 g5 33. Rfc1 Kf8 34. Kg1 Ke7 35. g4 Kd6
36. h3 Ra5 37. Kf2 Rb8 38. Ke2 Kc5 39. Kd2 Rb4 40. Be2 Rba4 41. Ra1 Rb4 42. Rac1
Raa4 43. Bd3 f6 44. Be2 Rb6 45. Bd3 Rab4 46. Be2 Rb2 47. Bd3 R6b4 48. a3 R4b3 49.
a4 Rxc2+ 50. Rxc2 Rb4 51. a5 Bxc4 52. Bxc4 Rxc4 53. Rb2 Rb4 54. Rc2+ Kd6 55. Rc8
Rb2+ 56. Kc1 Rb5 57. Ra8 Rxa5 58. Kb2 Rb5+ 59. Ka3 Rb6 60. Ka4 Rc6 61. Ka5 Kc5 62.
Rd8 Kc4 63. Rd5 Rc5+ 64. Rxc5+ Kxc5 65. Ka4 Kc4 66. Ka3 Kc3 67. Ka2 d3 68. Kb1 d2
69. Ka2 d1=Q 70. Ka3 Qa1#  0-1

[Event "4th 4NCL Easter Congress"]
[Site "Holiday Inn Peterborough - West"]
[Date "2024.03.31"]
[Round "4"]
[Board "17"]
[White "Jordan, Mark A"]
[Black "White, Nicholas E"]
[Result "1/2-1/2"]
[WhiteElo "1774"]
[BlackElo "1729"]
[PlyCount "0"]
[EventDate "2024.03.29"]
[EventRounds "7"]
[EventCountry "ENG"]

1. d4 Nf6 2. c4 g6 3. f3 Bg7 4. e4 d6 5. Nc3 O-O 6. Be3 Nc6 7. Nge2 a6 8. Nc1 e5
9. d5 Nd4 10. Nb3 c5 11. dxc6 Nxc6 12. Qd2 Ne7 13. Rd1 Be6 14. Qxd6 Nc6 15. Qxd8
Rfxd8 16. Nd5 Bxd5 17. cxd5 Nb4 18. Bb6 Rdc8 19. a3 Nc2+ 20. Kf2 Nd7 21. Ba5 Nd4
22. Nxd4 exd4 23. Bd3 Nc5 24. Ke2 f5 25. Bb4 Na4 26. Rb1 Re8 27. Rhc1 a5 28. Bd2
fxe4 29. fxe4 Nb6 30. Rc5 a4 31. Bb4 Nd7 32. Rc7 Nf6 33. d6 Rad8 34. Kf3 Nd5 35.
Bc4 Rf8+ 36. Ke2 Be5 37. Bxd5+ Kh8 38. Rxb7 Bxd6 39. Bxd6 Rxd6 40. Rf1 d3+ 41. Kxd3
Rxf1 42. Kd4  1/2-1/2

[Event "4th 4NCL Easter Congress"]
[Site "Holiday Inn Peterborough - West"]
[Date "2024.03.31"]
[Round "4"]
[Board "18"]
[White "Shivakumar, Akshath"]
[Black "O'Gorman, Brendan"]
[Result "1-0"]
[WhiteElo "1722"]
[BlackElo "1716"]
[PlyCount "0"]
[EventDate "2024.03.29"]
[EventRounds "7"]
[EventCountry "ENG"]

1. d4 d5 2. c4 e6 3. Nf3 a6 4. e3 Nf6 5. Nc3 Be7 6. Bd3 O-O 7. b3 c5 8. Bb2 Nc6 9.
O-O dxc4 10. bxc4 Bd7 11. d5 Nb4 12. a3 Nxd3 13. Qxd3 exd5 14. cxd5 Bd6 15. e4 Re8
16. Rfe1 Qc7 17. h3 c4 18. Qc2 Be5 19. Nxe5 Qxe5 20. Nb5 Qg5 21. Bxf6 gxf6 22. Nc7
Bxh3 23. f4 Qg3 24. Qf2  1-0

[Event "4th 4NCL Easter Congress"]
[Site "Holiday Inn Peterborough - West"]
[Date "2024.03.31"]
[Round "4"]
[Board "19"]
[White "Sengupta, Sohana"]
[Black "Webster, Vivien"]
[Result "1-0"]
[WhiteElo "1594"]
[BlackElo "1766"]
[PlyCount "0"]
[EventDate "2024.03.29"]
[EventRounds "7"]
[EventCountry "ENG"]

1. e4 b6 2. d4 d6 3. Bd3 Nd7 4. Ne2 e5 5. c3 Be7 6. O-O Ngf6 7. Ng3 d5 8. exd5 exd4
9. Nf5 O-O 10. Nxd4 Nc5 11. Be2 Bd6 12. Bg5 Nce4 13. Bxf6 Qxf6 14. Nd2 Bxh2+ 15.
Kxh2 Qh6+ 16. Kg1 Nxd2 17. Re1 Ne4 18. Bg4 Nxf2 19. Kxf2 Qh4+ 20. Kg1 Bxg4 21. Qd2
Bd7 22. Re3 Qh6 23. Qd3 Qg6 24. Qc4 Rac8 25. Rae1 c5 26. dxc6 Bxc6 27. Nxc6 Rxc6
28. Qb4 Rcc8 29. Qe7 h6 30. Qa3 a5 31. Re7 Qc6 32. Qb3 Qc5+ 33. Kf1 Rc6 34. R7e3
b5 35. Rf3 a4 36. Qc2 Qc4+ 37. Qe2 Qc5 38. Qe3 Qd5 39. Qe2 Re6 40. Re3 Rxe3 41. Qxe3
Qxa2 42. Re2 Qb1+ 43. Kf2 Qf5+ 44. Kg1 Rd8 45. Rf2 Rd1+ 46. Kh2 Qh5+ 47. Qh3 Qe5+
48. g3 Qc5 49. Rg2 a3 50. bxa3 Qxc3 51. Qg4 Qxa3 52. Qxd1 b4 53. Qb1 Qa5 54. Rb2
Qh5+ 55. Kg1 Qc5+ 56. Rf2 g6 57. Kf1 Qc4+ 58. Kg2 b3 59. Qb2 g5 60. Rf3 Qc2+ 61.
Qxc2 bxc2 62. Rc3 Kg7 63. Rxc2 Kg6 64. Rc6+ Kh5 65. Rf6 Kg4 66. Rxf7 h5 67. Rf3 h4
68. gxh4 gxh4 69. Rh3 Kg5 70. Kf3  1-0